000 00311nam a2200109Ia 4500
008 200302s9999 xx 000 0 und d
100 _aNicholas Cooper
245 _aThe Opulent Eye Late Victorian and Edwardian Tast in Interior Design
260 _bThe Architectural Press Ltd.
260 _c1976
300 _a258 P.,
999 _c256
_d256